Freud and the Americans / (Record no. 855)
[ view plain ]
| 000 -LEADER | |
|---|---|
| fixed length control field | 01236cam a2200325 4500 |
| 005 - DATE AND TIME OF LATEST TRANSACTION | |
| control field | 20260322212037.0 |
| 008 - FIXED-LENGTH DATA ELEMENTS--GENERAL INFORMATION | |
| fixed length control field | data |
| 020 ## - INTERNATIONAL STANDARD BOOK NUMBER | |
| International Standard Book Number | 0195014278 (v. 1) |
| 020 ## - INTERNATIONAL STANDARD BOOK NUMBER | |
| International Standard Book Number | 0195046374 (v. 2 : alk. paper) |
| 020 ## - INTERNATIONAL STANDARD BOOK NUMBER | |
| International Standard Book Number | 9780195014273 (v. 1) |
| 020 ## - INTERNATIONAL STANDARD BOOK NUMBER | |
| International Standard Book Number | 9780195046373 (v. 2 : alk. paper) |
| 040 ## - CATALOGING SOURCE | |
| Original cataloging agency | DNLM |
| Transcribing agency | DNLM |
| 041 09 - LANGUAGE CODE | |
| Language code of text/sound track or separate title | eng |
| 044 ## - COUNTRY OF PUBLISHING/PRODUCING ENTITY CODE | |
| -- | United States |
| 060 00 - NATIONAL LIBRARY OF MEDICINE CALL NUMBER | |
| Classification number | WM 11 AA1 |
| Item number | H2f |
| 096 ## - LOCALLY ASSIGNED NLM-TYPE CALL NUMBER (OCLC) | |
| Classification number | WM 11 H134f 1971 |
| 001 - CONTROL NUMBER | |
| control field | data |
| 100 1# - MAIN ENTRY--PERSONAL NAME | |
| Personal name | Hale, Nathan G. |
| 245 10 - TITLE STATEMENT | |
| Title | Freud and the Americans / |
| Statement of responsibility, etc. | Nathan G. Hale. |
| 246 32 - VARYING FORM OF TITLE | |
| Title proper/short title | The beginning of psychoanalysis in the United States, 1876-1917 |
| 246 32 - VARYING FORM OF TITLE | |
| Title proper/short title | The rise and crisis of psychoanalysis in the United States, 1917-1985 |
| 260 ## - PUBLICATION, DISTRIBUTION, ETC. | |
| Place of publication, distribution, etc. | New York : |
| Name of publisher, distributor, etc. | Oxford University Press, |
| Date of publication, distribution, etc. | 1971-1995. |
| 300 ## - PHYSICAL DESCRIPTION | |
| Extent | 2 v. |
| 440 #0 - SERIES STATEMENT/ADDED ENTRY--TITLE | |
| Title | Freud in America ; |
| Volume/sequential designation | v. 1-2 |
| 504 ## - BIBLIOGRAPHY, ETC. NOTE | |
| Bibliography, etc. note | Includes bibliographical references and index. |
| 505 0# - FORMATTED CONTENTS NOTE | |
| Formatted contents note | v. 1. The beginning of psychoanalysis in the United States, 1876-1917 -- v. 2. The rise and crisis of psychoanalysis in the United States, 1917-1985. |
| 590 ## - LOCAL NOTE (RLIN) | |
| Local note | Originally presented as the author's thesis, University of California at Berkeley |
| 600 12 - SUBJECT ADDED ENTRY--PERSONAL NAME | |
| Personal name | Freud, Sigmund, |
| Dates associated with a name | 1856-1939. |
| 650 12 - SUBJECT ADDED ENTRY--TOPICAL TERM | |
| Topical term or geographic name entry element | Psychoanalysis |
| General subdivision | history |
| Geographic subdivision | United States |
| Withdrawn status | Lost status | Damaged status | Not for loan | Home library | Current library | Shelving location | Date acquired | Total checkouts | Full call number | Barcode | Date last seen | Price effective from | Koha item type |
|---|---|---|---|---|---|---|---|---|---|---|---|---|---|
| Pleasant Valley | Pleasant Valley | General stacks | 22/03/2026 | GEN | BC0010880 | 22/03/2026 | 22/03/2026 | Books |